Plagas de langosta : de la plaga bíblica a la ciencia de la acridología /
Contenido: Introducción; 1) ¿Qué es una plaga de langosta?; 2) Geografía de la langosta. Riesgo universal, calamidad regional; 3) La plaga de langosta en la historia. Las crónicas de viajeros, colonos y naturalistas; 4) Ciencia y plagas de langosta en la primera mitad del siglo XX. El nuevo paradigm...
Kaydedildi:
| Yazar: | |
|---|---|
| Diğer Yazarlar: | |
| Materyal Türü: | Kitap |
| Dil: | İspanyolca |
| Baskı/Yayın Bilgisi: |
Barcelona, España :
Serbal,
2016, c2016
|
| Seri Bilgileri: | (La Estrella Polar ;
66) |
| Konular: | |
| Etiketler: |
Etiket eklenmemiş, İlk siz ekleyin!
|
MARC
| LEADER | 00000nam^a2200000^a^4500 | ||
|---|---|---|---|
| 001 | 000380594 | ||
| 005 | 20250521000000.0 | ||
| 009 | 20260310120610.004 | ||
| 020 | |a 978-84-7628-828-3 | ||
| 037 | |a Acervo ITESO - Biblioteca | ||
| 041 | |a ESP | ||
| 082 | |a 632. 726 |b BUJ | ||
| 100 | |a Buj Buj, Antonio |e (autor) | ||
| 245 | 1 | 0 | |a Plagas de langosta : |b de la plaga bíblica a la ciencia de la acridología / |c A. Buj Buj ; pról. de H. Capel. |
| 264 | 4 | |a Barcelona, España : |b Serbal, |c 2016, c2016 | |
| 300 | |a 164 p. | ||
| 336 | |a texto |b txt |2 rdacontenido | ||
| 337 | |a sin mediación |b n |2 rdamedio | ||
| 338 | |a volumen |b nc |2 rdasoporte | ||
| 440 | 4 | |a (La Estrella Polar ; |v 66) | |
| 520 | |a Contenido: Introducción; 1) ¿Qué es una plaga de langosta?; 2) Geografía de la langosta. Riesgo universal, calamidad regional; 3) La plaga de langosta en la historia. Las crónicas de viajeros, colonos y naturalistas; 4) Ciencia y plagas de langosta en la primera mitad del siglo XX. El nuevo paradigma de la acridología; 5) El control de la langosta en España. Actividad científica y acción de gobierno. A modo de conclusión. Las plagas de langosta hoy. Fuentes. | ||
| 649 | |a XX | ||
| 650 | |a Langostas (Entomología) - |x Tema Principal | ||
| 650 | |a Plagas Agrícolas - |x Historia - |x Tema Principal | ||
| 650 | |a Insectos (En Religión, Folklore, etc.) | ||
| 650 | |a Ortópteros | ||
| 650 | |a Plaguicidas | ||
| 650 | |a Insectos - |x Control | ||
| 650 | |a Zoología | ||
| 650 | |a Agricultura | ||
| 700 | |a Capel, Horacio |e (prólogo) | ||
| 910 | |a Fondo General | ||
| 920 | |a Impresos - Libros | ||
| 930 | |a Colección General | ||
| 905 | |a 101 | ||
| 901 | |a 0500275428 |b IT1 |c ACC |i C151898 |u 20250521 | ||
| 902 | |a https://opac.biblio.iteso.mx/vufind/Record/000380594 | ||